000 00235nam a2200109Ia 4500
008 240625s9999 xx 000 0 und d
041 _aeng
100 _aTRAIN2SUCCESS
245 _aCUSTOMER SERVICE
260 _c2007
365 _cRS
_b20
999 _c33697
_d33697